Online
Catalog

Importancia de la planificación de la familia para la mujer como individuo y su influencia en la funcion de la mujer en la sociedad. (Record no. 17113)

MARC details
000 -CABECERA
campo de control de longitud fija 00751nam a2200205 a 4500
001 - NÚMERO DE CONTROL
campo de control 000017588
005 - FECHA Y HORA DE LA ÚLTIMA TRANSACCIÓN
campo de control 20250501133637.0
008 - DATOS DE LONGITUD FIJA--INFORMACIÓN GENERAL
campo de control de longitud fija 100329s1973 dr 000 0 spa d
040 ## - FUENTE DE LA CATALOGACIÓN
Centro catalogador/agencia de origen DO-SdBNP
Lengua de catalogación spa
Centro/agencia transcriptor BNPHU
082 ## - NÚMERO DE LA CLASIFICACIÓN DECIMAL DEWEY
Número de clasificación 613.94
Número de documento/Ítem C167i
049 ## - FONDOS LOCALES (OCLC)
Fondos de biblioteca BNPD
100 1# - ENTRADA PRINCIPAL--NOMBRE DE PERSONA
Nombre de persona Calveti, Vinicio
9 (RLIN) 38358
245 10 - MENCIÓN DE TÍTULO
Título Importancia de la planificación de la familia para la mujer como individuo y su influencia en la funcion de la mujer en la sociedad.
260 ## - PUBLICACIÓN, DISTRIBUCIÓN, ETC.
Lugar de publicación, distribución, etc. [Santo Domingo] :
Nombre del editor, distribuidor, etc. Asociación Dominicana Pro Bienestar de la Familia,
Fecha de publicación, distribución, etc. 1973.
300 ## - DESCRIPCIÓN FÍSICA
Extensión [14 p.].
490 1# - MENCIÓN DE SERIE
Mención de serie Documentos
Designación de volumen o secuencia 8
500 ## - NOTA GENERAL
Nota general Incluye datos biográficos del autor en la solapa de la cubierta
650 #0 - PUNTO DE ACCESO ADICIONAL DE MATERIA--TÉRMINO DE MATERIA
Término de materia o nombre geográfico como elemento de entrada Control de la natalidad
9 (RLIN) 26740
830 #0 - PUNTO DE ACCESO ADICIONAL DE SERIE-TÍTULO UNIFORME
Título uniforme Documentos
Número de parte o sección de la obra 8
9 (RLIN) 38359
Holdings
Estado de retiro Estado de pérdida No para préstamo Código de colección Localización permanente Ubicación/localización actual Ubicación en estantería Fecha de adquisición Número de inventario Total de préstamos Signatura topográfica completa Código de barras Fecha visto por última vez Precio válido a partir de Tipo de ítem Koha Número de copia
    Excluido de préstamo Patrimonio Dominicano Patrimonio Dominicano Patrimonio Dominicano En catalogación 29.03.2010 LF1   613.94 C167i 17588-10 25.06.2020 25.06.2020 Libro y Folleto Colección Patrimonio Dominicano  
    Excluido de préstamo Patrimonio Dominicano Patrimonio Dominicano Patrimonio Dominicano En catalogación 08.04.2011 LF1   613.94 C167i 17588-20 25.06.2020 25.06.2020 Libro y Folleto Colección Patrimonio Dominicano e. 2

Powered by Koha